000 01148nam a2200289 n 4500
003 OSt
005 20211227155543.0
008 211227s2020 ii e 000 f tam d
020 _cRM70.00
_qpaperback
040 _aPPAK
_beng
_cPPAK
_erda
082 0 4 _223
_a894.8113
090 0 0 _a894.8113
_bNIL
_dG
100 1 _6880-01
_aNīlakaṇṭaṉ, Iṣāṉā,
_eauthor.
242 _aSaya bukan nyata...! dan kau bukan mimpi...!
_ymay
245 1 0 _6880-02
_aNāṉ nijamum alla...! Nīkaṉavum alla...! /
_cIṣāṉā Nīlakaṇṭaṉ
264 1 _aChennai, India :
_bArivu Nilaiyam Patippakam,
_c2020
300 _a332 pages ;
_c18 cm.
336 _2rdacontent
_atext
337 _2rdamedia
_aunmediated
338 _2rdacarrier
_avolume
650 1 0 _aTamil fiction
650 2 0 _aMan-woman relationships
_vFiction
650 2 0 _aMan-woman relationships
880 1 _6100-01
_aநீலகண்டன், இஷானா,
_eநூலாசிரியர்.
880 1 0 _6245-02
_aநான் நிஜமும் அல்ல...! நீகனவும் அல்ல...!
_cஇஷானா நீலகண்டன்
942 _2ddc
_cB
999 _c186677
_d186677